[Event "CHN-ch Rapid Women 2017"]
[Site "Shenzhen"]
[Date "2017.12.07"]
[Round "2"]
[White "Gu, Tianlu"]
[Black "Yuan, Ye"]
[Result "1/2-1/2"]
[WhiteElo "2197"]
[BlackElo "2159"]
[Annotator "TA"]
[PlyCount "73"]
[EventDate "2017.??.??"]
[EventType "rapid"]
[EventCountry "CHN"]
[SourceTitle "playchess.com"]
[Source "ChessBase"]
[SourceQuality "1"]

{[%evp 14,73,42,31,64,27,28,1,22,15,18,21,19,16,25,17,69,45,45,45,51,41,48,42,73,47,77,45,35,10,0,0,22,-7,18,18,26,29,27,17,18,0,31,-25,-22,-44,-10,-20,-17,-18,0,-52,-46,-49,0,0,0,-52,0,0,0,-24]} 1. e4 c5 2. Nf3 e6 3. d4 cxd4 4. Nxd4 Nc6 5. g3 a6 6. Bg2 Nf6 7. O-O Qc7 8. Be3 {LiveBook: 4 Games. A46: 1 d4 Nf6 2 Nf3 e6: Torre, London and Colle Systems} (8. c4 Be7 9. Nc3 O-O 10. Be3 Nxd4 11. Bxd4 e5 12. Be3 Qxc4 13. Rc1 Qe6 14. Nd5 Nxd5 15. exd5 Qg6 16. d6 Bxd6 17. Qb3 a5 18. Rfd1 {1-0 (40) Carlsen,M (2838)-Mohammad,N (2408) chess.com INT 2017}) 8... Ne5 9. h3 (9. f4 $5 {[%cal Rf4e5]} Nc4 10. Bc1 $11) 9... Bc5 10. b3 $146 {White has an edge.} ({Predecessor:} 10. Nd2 d6 11. c3 O-O 12. Qe2 Bd7 13. Rfc1 h6 14. Kh2 Rfe8 15. a4 Ng6 {½-½ (68) Cosma,I (2458)-Gharamian,T (2581) France 2009}) 10... d6 11. c4 O-O 12. Nc3 Bd7 13. Rc1 Rad8 14. Bg5 Bc6 (14... Qa5 $11) 15. Nxc6 bxc6 16. Bxf6 gxf6 17. Kh2 Kh8 18. f4 {[%cal Bf2f4,Bf4f5][%mdl 32]} Ng6 19. Qh5 Qe7 20. Ne2 Rg8 21. f5 Ne5 22. Qh6 Rdf8 23. Qd2 Qa7 {Black wants to play ...Be3.} 24. Rcd1 a5 25. Nf4 Bb4 26. Qe2 Qe7 27. Qb2 Rg5 28. a3 ({White should try} 28. h4 $14 Ng4+ 29. Kh1) 28... Bc5 $11 29. Qc3 Bxa3 30. Qxa5 Bc5 31. Qc3 Rb8 32. Rb1 (32. fxe6 $11 fxe6 33. Nd3) 32... Bb4 $15 ({Of course not} 32... exf5 33. b4 $14) 33. Qc2 Rgg8 34. Nh5 Rg5 35. Nf4 (35. Qe2 $11) 35... Rgg8 36. Nh5 Rg5 37. Nf4 {Precision: White = 44%, Black = 40%.} 1/2-1/2

[Event "CHN-ch Rapid Women 2017"]
[Site "Shenzhen"]
[Date "2017.12.07"]
[Round "2"]
[White "Zhang, Lanlin"]
[Black "Xu, Huahua"]
[Result "0-1"]
[WhiteElo "2183"]
[BlackElo "2222"]
[Annotator "TA"]
[PlyCount "96"]
[EventDate "2017.??.??"]
[EventType "rapid"]
[EventCountry "CHN"]
[SourceTitle "playchess.com"]
[Source "ChessBase"]
[SourceQuality "1"]

{[%evp 15,96,-7,0,-37,-30,-34,-37,-37,-30,-64,-56,-55,-57,-60,-41,-55,-41,-51,-51,-60,-61,-72,-64,-57,-60,-72,-66,-81,-77,-70,-34,-70,-65,-159,-147,-155,-156,-157,-120,-189,-175,-175,-131,-163,-142,-189,-174,-175,-175,-267,-168,-168,-168,-237,-214,-462,-447,-891,-892,-740,-702,-566,-405,-12834,-12828,-29993,-29984,-29989,-29990,-29990,-29991,-29991,-29991,-29993,-29992,-29992,-29991,-29992,-29992,-29992,-29993,-29993,-29993]} 1. e4 c6 2. d4 d5 3. exd5 cxd5 4. Bd3 Nf6 5. c3 Nc6 6. Ne2 Bg4 7. O-O e6 {B13: Caro-Kann: Exchange Variation and Panov-Botvinnik Attack} 8. f3 (8. Qe1 Bd6 9. f3 Bh5 10. Nf4 Bg6 11. Qe2 Qc7 12. g3 Bxd3 13. Nxd3 h5 14. Bg5 O-O-O 15. b4 {0-1 (30) Socko,B (2617)-Salgado Lopez,I (2622) Wroclaw 2014}) 8... Bh5 $1 {LiveBook: 3 Games} 9. b4 Bd6 {Black is slightly better.} 10. Bf4 Bg6 11. Bxd6 $146 ({Predecessor:} 11. Bg5 Qc7 12. Bxf6 gxf6 13. g3 Rg8 14. Kh1 O-O-O 15. Na3 {½-½ (55) Szczepkowska,K (2091)-Gilbert,J (2066) Chalkidiki 2001}) 11... Qxd6 12. Ng3 O-O 13. Bxg6 hxg6 14. Nd2 Ne7 15. Nb3 Rfc8 16. Qd2 Nf5 17. Nxf5 gxf5 18. Rac1 Nd7 (18... b6 {with more complications.} 19. Rc2 Qc7 20. a4 Ne8 21. Ra1 Nd6) 19. Nc5 b6 20. Nxd7 Qxd7 21. f4 Rc4 22. Rf3 a5 23. a3 axb4 24. cxb4 (24. axb4 $15 Qc7 25. Rh3) 24... b5 25. h3 Rac8 26. Rd1 Qc7 27. Rd3 (27. Qe2 $17) 27... Rc2 $19 28. Qe3 Rc3 29. Rxc3 Qxc3 $17 {[%mdl 4096] Endgame KQR-KQR} 30. Rd3 Qa1+ 31. Kh2 Rc1 32. Qf2 (32. Kg3 $142) 32... Rh1+ 33. Kg3 Rf1 34. Qe3 {[#]} (34. Qe2 $142) 34... g5 $1 $19 {[%cal Bg7g5,Bg5f4][%mdl 544]} 35. Qe2 $2 (35. Qe5 {keeps fighting.} Qe1+ 36. Qxe1 gxf4+ 37. Kh4 Rxe1 38. g4) (35. fxg5 f4+) 35... Qc1 {[%csl Gf1,Gg5][%cal Rc1f4]} 36. Rf3 (36. Rd2 $142 Qxa3+ 37. Rd3) 36... gxf4+ 37. Kh4 Rxf3 38. Qxf3 {KQ-KQ} Qe3 39. Kh5 (39. Qxe3 $142 fxe3 40. Kg3) 39... Kg7 40. Kh4 Qxd4 {Black mates.} 41. g4 Qf6+ 42. g5 Qd4 43. Kh5 Qe3 44. Qg2 f3 45. Qg3 Qe2 46. Kh4 f2 47. Qc3+ e5 48. Qc6 Qc4+ {Precision: White = 27%, Black = 62%.} 0-1

[Event "CHN-ch Rapid Women 2017"]
[Site "Shenzhen"]
[Date "2017.12.07"]
[Round "2"]
[White "Ning, Kaiyu"]
[Black "Li, Xueyi"]
[Result "0-1"]
[WhiteElo "2169"]
[BlackElo "2190"]
[Annotator "TA"]
[PlyCount "82"]
[EventDate "2017.??.??"]
[EventType "rapid"]
[EventCountry "CHN"]
[SourceTitle "playchess.com"]
[Source "ChessBase"]
[SourceQuality "1"]

{[%evp 10,82,46,39,43,40,31,17,39,68,0,0,184,191,170,23,0,0,61,64,114,116,107,35,63,49,64,-44,-58,-87,-89,-118,-152,-300,-283,-287,-287,-410,-413,-393,-389,-436,-373,-376,-385,-407,-404,-401,-397,-391,-379,-476,-378,-462,-397,-381,-396,-381,-353,-419,-374,-408,-427,-425,-412,-411,-399,-660,-635,-799,-782,-814,-764,-829,-822]} 1. d4 d5 2. c4 e6 3. Nf3 Nf6 4. e3 c6 5. b3 Ne4 (5... c5 6. Bb2 cxd4 7. exd4 dxc4 8. bxc4 Qa5+ 9. Nbd2 Ba3 10. Qc1 Bxb2 11. Qxb2 Nc6 12. Be2 Qb4 13. O-O-O {½-½ (57) Short,N (2698)-Duda,J (2706) Heraklio 2017}) 6. Nbd2 {LiveBook: 7 Games. D30: Queen's Gambit Declined: Systems without Nc3} f5 7. Ne5 $146 {Hoping for Nxe4.} ({Predecessor:} 7. Bd3 Nd7 8. a4 Bd6 9. Ba3 Bb8 10. Qc2 Qf6 11. b4 O-O 12. b5 Re8 13. Rc1 {½-½ (57) Esipenko,A (2350)-Sibashvili,G (2361) Kirishi 2015}) 7... Nd7 8. Qh5+ {White is slightly better.} g6 {[#]} 9. Nxg6 $1 {[%mdl 512]} Ndf6 (9... hxg6 10. Qxh8) 10. Qh3 Ng5 $2 (10... Bb4 $1 $11 {and Black stays safe.} 11. Nxh8 Qa5) 11. Qh4 $18 hxg6 12. Qxg5 (12. Qxh8 $18 {Strongly threatening Ba3.} Nf7 13. Qh3) 12... Kf7 $11 13. c5 Qc7 ({Better is} 13... Qa5 $11) 14. Qf4 $1 $14 {[%cal Rf4c7]} Qxf4 15. exf4 b6 16. cxb6 (16. Nf3 $16) 16... axb6 17. Nf3 Ne4 18. Bd2 (18. Bb2 $14) 18... Ba3 $1 $15 {[%cal Ra3b2]} 19. Ne5+ Kg7 {Threatens to win with ...Bb2.} 20. Nd3 ({Don't go for} 20. Nxc6 $2 Bb7 $17) 20... Ba6 21. Bc1 {[#]} (21. Rd1 $17 {might work better.}) 21... Bxd3 $1 $19 22. Bxd3 {[#]} Bb4+ $1 23. Kf1 (23. Ke2 $142 Bc3 24. Be3) 23... Bc3 $1 {[%csl LRa1,LRd4]} 24. Rb1 Rxa2 25. Be3 Nd2+ 26. Bxd2 Rxd2 27. Be2 Ra8 28. Rd1 Rb2 29. Bf3 Raa2 30. h3 Rxf2+ 31. Kg1 Rfb2 32. Kh2 Bd2 33. Kg3 Be3 34. Rd3 Bf2+ 35. Kh2 c5 36. dxc5 bxc5 {[%cal Bb6c5,Bc5c4,Bc4c3][%mdl 32]} 37. Rhd1 Ra3 38. Rf1 $2 (38. R1d2 Rxd2 39. Rxd2) 38... c4 {Black is clearly winning.} 39. Rdd1 Raxb3 40. Ra1 Be3 41. Kg3 c3 {Precision: White = 37%, Black = 85%.} 0-1

[Event "CHN-ch Rapid Women 2017"]
[Site "Shenzhen"]
[Date "2017.12.07"]
[Round "2"]
[White "Chu, Ruotong"]
[Black "Ni, Shiqun"]
[Result "0-1"]
[WhiteElo "2166"]
[BlackElo "2441"]
[Annotator "TA"]
[PlyCount "86"]
[EventDate "2017.??.??"]
[EventType "rapid"]
[EventCountry "CHN"]
[SourceTitle "playchess.com"]
[Source "ChessBase"]
[SourceQuality "1"]

{[%evp 15,86,8,14,22,12,22,50,46,85,25,22,10,15,6,15,0,0,-24,-15,-21,-25,-32,0,0,8,14,8,0,13,25,16,0,0,-8,-7,-53,-52,-95,-62,-186,-120,-128,-129,-139,-136,-129,-97,-99,-91,-126,-49,-178,-178,-175,-175,-186,-200,-162,-161,-308,-275,-371,-367,-380,-379,-320,-5,-2093,-2056,-1884,-1759,-2826,-2664]} 1. d4 d5 2. c4 c6 3. cxd5 cxd5 4. Bf4 Nc6 5. e3 Nf6 (5... Bf5 6. Nc3 e6 7. Qb3 Bb4 8. Bb5 Qa5 9. Bxc6+ bxc6 10. Rc1 Qb6 11. Nge2 Bd3 12. f3 Bc4 {0-1 (34) Rakhmanov,A (2654)-Fedoseev,V (2733) Sochi 2017}) 6. Bd3 {D10: Slav Defence: 3 cxd5 (without early Nf3) and 3 Nc3} Bg4 7. Ne2 e6 8. Nbc3 Bd6 {LiveBook: 4 Games} 9. f3 Bh5 10. Qb3 $146 ({Predecessor:} 10. g4 Bg6 11. h4 O-O 12. h5 Bxd3 13. Qxd3 Bxf4 14. exf4 Rc8 15. h6 g6 16. Kf2 Ne8 17. Rac1 Nd6 18. b3 Kh8 19. Qe3 Kg8 {½-½ (19) Kosanovic,G (2474)-Kallio,H (2452) Budapest 2000}) 10... Bxf4 11. Nxf4 ({Of course not} 11. exf4 Rb8 $11) 11... Qe7 12. Nxh5 (12. h4 $16) 12... Nxh5 $11 13. O-O O-O 14. Rac1 Rfc8 15. Na4 Nf6 16. f4 Rc7 17. Rc3 Rac8 18. Rfc1 Ng4 {And now ...Qh4 would win.} 19. Be2 Qh4 20. Bxg4 $1 Qxg4 21. h3 Qf5 22. Qb5 h5 23. Nc5 Ne7 24. Na4 Rxc3 25. Rxc3 Qb1+ 26. Kh2 {Rxc8+ is the strong threat.} Rf8 27. a3 ({Better is} 27. Qd3 $15 Qe1 28. Nc5) 27... Nf5 (27... Qe1 $1 $19 28. Qd3 Nf5) 28. Qe2 $17 {[#]} h4 $1 $36 {[%mdl 2048] ( -> ...Ng3). White is under strong pressure.} 29. Qd2 Ng3 {[%csl Gg3][%cal Rb1h1]} 30. Qc1 Qg6 {White must now prevent ...Ne2.} 31. Qe1 b6 32. b3 Kh7 ({Black should try} 32... Qe4 $17 33. b4 Nf5) 33. Rc1 {[#]} (33. Nb2 $1 $15) 33... Qd3 $1 $19 {[%cal Rd3b3]} 34. Rc3 Qa6 35. Nb2 Rc8 36. Rxc8 Qxc8 37. Qb1+ (37. Nd3 {was worth a try.}) 37... g6 38. Nd1 Qa6 {Hoping for ...Nf1+.} 39. Nf2 Qxa3 40. Qc2 {intending Qc7.} Qa1 $2 (40... Nf1+ $19 41. Kg1 Nxe3) 41. Nd1 $2 {[%mdl 8192]} (41. Qc7 $11 Nf1+ 42. Kg1) 41... Nf1+ {Black is clearly winning.} 42. Kg1 Nxe3 $1 43. Qc7 Qxd1+ {Precision: White = 31%, Black = 49%.} 0-1

[Event "CHN-ch Rapid Women 2017"]
[Site "Shenzhen"]
[Date "2017.12.07"]
[Round "2"]
[White "Hong, Xing"]
[Black "Zhao, Shengxin"]
[Result "1/2-1/2"]
[WhiteElo "2017"]
[BlackElo "2183"]
[Annotator "TA"]
[PlyCount "38"]
[EventDate "2017.??.??"]
[EventType "rapid"]
[EventCountry "CHN"]
[SourceTitle "playchess.com"]
[Source "ChessBase"]
[SourceQuality "1"]

{[%evp 23,38,39,39,0,37,37,49,29,22,29,33,36,33,26,32,20,16]} 1. e4 c5 2. Nf3 d6 3. d4 cxd4 4. Nxd4 Nf6 5. Nc3 a6 6. Be2 e5 7. Nb3 Be7 8. O-O O-O 9. Be3 Be6 10. Qd2 Nbd7 11. a4 Nc5 {B92: Sicilian Najdorf: 6 Be2} (11... Rc8 12. a5 Qc7 13. Rfd1 Rfd8 14. Qe1 Qc6 15. Bf3 h6 16. Nc1 Qc7 17. h3 Re8 18. Nb3 Qb8 19. Rac1 Bd8 20. Ra1 Rc4 21. Nd2 Rc6 22. Nf1 {½-½ (42) Hou,Y (2653)-Yu,Y (2734) Danzhou 2016}) 12. Nxc5 dxc5 {LiveBook: 9 Games} 13. Rfd1 Qxd2 14. Rxd2 Rfd8 15. Rad1 Rxd2 16. Rxd2 Kf8 17. f3 Ke8 18. Kf2 $146 ({Predecessor:} 18. Nd5 Bxd5 19. exd5 {1-0 (69) Popova,N (2252)-Gerasimovitch,O (2142) Minsk 2008}) 18... Rd8 19. Rxd8+ Kxd8 1/2-1/2

[Event "CHN-ch Rapid Women 2017"]
[Site "Shenzhen"]
[Date "2017.12.07"]
[Round "3"]
[White "Shen, Yang"]
[Black "Kuang, Yinghui"]
[Result "0-1"]
[WhiteElo "2465"]
[BlackElo "2220"]
[Annotator "TA"]
[PlyCount "102"]
[EventDate "2017.??.??"]
[EventType "rapid"]
[EventCountry "CHN"]
[SourceTitle "playchess.com"]
[Source "ChessBase"]
[SourceQuality "1"]

{[%evp 16,102,16,7,19,24,24,28,115,55,63,66,80,82,109,63,43,39,83,25,30,23,23,36,35,6,8,12,51,0,44,0,0,0,0,0,24,8,27,0,31,-5,0,-39,-36,-81,-28,-47,-20,-480,-480,-472,-472,-453,-469,-400,-340,-338,-334,-327,-267,-254,-16,-32,-27,-1228,-1217,-1129,-439,-397,-388,-364,-275,-750,-568,-558,-558,-1242,-749,-747,-749,-730,-663,-883,-868,-831,-819,-940,-932]} 1. d4 d5 2. Nf3 Nf6 3. c4 e6 4. Nc3 Be7 5. Bf4 O-O 6. e3 c6 7. c5 b6 8. b4 a5 9. a3 {LiveBook: 6 Games} Ne4 {D37: Queen's Gambit Declined: 5 Bf4} (9... Ba6 10. Bxa6 Rxa6 11. O-O b5 12. Qe2 Nbd7 13. Nd2 Re8 14. Nb3 a4 15. Na5 Ne4 16. Nxe4 dxe4 17. Nb7 {½-½ (40) Tratar,M (2484)-Dauth,B (2345) Pula 2014}) 10. Nxe4 dxe4 11. Nd2 f5 (11... Nd7 $11) 12. Bc4 $146 (12. cxb6 $16 {Strongly threatening bxa5.} axb4 13. Bc7) ({Predecessor:} 12. Nc4 Nd7 13. Be2 g5 14. Bd6 Bxd6 15. Nxd6 Qf6 16. O-O bxc5 17. bxc5 {1-0 (30) Hercules,B (2075)-Peretz,L (1912) Johannesburg 2015}) 12... b5 $14 13. Bb3 Na6 14. bxa5 Nc7 15. Bxc7 Qxc7 16. O-O Rxa5 17. Qc2 ({Better is} 17. a4 $16) 17... Kh8 $11 18. f3 exf3 19. Nxf3 Bf6 20. a4 bxa4 21. Rxa4 Bd7 22. Bc4 (22. Rxa5 $14 Qxa5 23. Rb1) 22... g5 {[%cal Bg7g5,Bg5g4][%mdl 32]} 23. g3 g4 24. Rxa5 Qxa5 25. Nd2 Bg5 26. Qd3 Rb8 27. Nb3 (27. Ne4 $5 {[%cal Re4g5]} Be7 28. Nd6 Bxd6 29. cxd6 $11) 27... Qb4 28. e4 Bh6 29. exf5 exf5 30. d5 Re8 (30... cxd5 $17 31. Qd4+ Bg7 32. Qxd5 Bc6 $1 {[%mdl 512]}) 31. Kg2 Re4 32. dxc6 $2 {[%mdl 8192]} (32. Ra1 $1 $11) 32... Bxc6 $19 33. Bd5 Bb5 34. Qd1 Bxf1+ 35. Qxf1 {Hoping for Qa1+.} Re5 36. Qa1 Qb8 37. c6 Kg7 38. Qc3 Qc7 $2 ({Black should play} 38... Qd6 $19 39. Qc4 Rxd5) 39. Nd4 $11 {And now Ne6+ would win.} Kg6 40. Nb5 $2 {[%mdl 8192] [#]} (40. Be6 $11 Kf6 41. Bxf5 Rxf5 42. Nxf5+ Kxf5 43. h3) 40... Qe7 $1 $19 41. Bc4 {[#]} Rc5 (41... Rd5 $142 $1 {[%mdl 512]} 42. Bd3 (42. Bxd5 Qe2+) 42... Qe3 43. Bxf5+ Rxf5 44. Qxe3 Bxe3) 42. Qd3 Rxc6 43. Nd4 Rf6 44. Bb5 $2 (44. Be6) 44... Qb7+ {Black is clearly winning.} 45. Kg1 Qe4 46. Kf1 Qh1+ 47. Ke2 Qxh2+ 48. Kd1 Qg1+ 49. Kc2 Qf2+ 50. Ne2 Qc5+ 51. Nc3 Rd6 {Precision: White = 32%, Black = 46%.} 0-1

[Event "CHN-ch Rapid Women 2017"]
[Site "Shenzhen"]
[Date "2017.12.07"]
[Round "3"]
[White "Huang, Qian"]
[Black "Zhai, Mo"]
[Result "1/2-1/2"]
[WhiteElo "2438"]
[BlackElo "2302"]
[Annotator "TA"]
[PlyCount "82"]
[EventDate "2017.??.??"]
[EventType "rapid"]
[EventCountry "CHN"]
[SourceTitle "playchess.com"]
[Source "ChessBase"]
[SourceQuality "1"]

{[%evp 27,82,18,19,12,45,0,31,32,53,52,45,43,50,33,36,35,76,69,106,106,217,218,227,221,253,170,281,266,245,233,409,15,69,82,120,100,81,0,0,0,0,0,0,0,0,0,0,0,0,0,0,0,0,0,0,0,0]} 1. Nf3 Nf6 2. c4 e6 3. Nc3 d5 4. d4 c5 5. cxd5 Nxd5 6. e4 Nxc3 7. bxc3 cxd4 8. cxd4 Bb4+ 9. Bd2 Bxd2+ 10. Qxd2 O-O 11. Be2 Nd7 12. O-O {D41: Queen's Gambit Declined: Semi-Tarrasch with 5 cxd5} b6 13. a4 Bb7 14. Qe3 Rc8 {LiveBook: 5 Games} 15. Nd2 (15. Ra3 Qe7 16. Rfa1 Bc6 17. Rb3 Qd8 18. h3 h6 19. Ba6 Rc7 20. Qf4 Nf6 21. Bd3 Ba8 {0-1 (59) Toth,E (2449)-Papp,G (2603) Hungary 2017}) 15... Rc7 $146 ({Predecessor:} 15... e5 16. d5 Qc7 17. a5 f5 18. a6 Ba8 19. f3 Qd6 20. Nc4 Qe7 21. Rfd1 Rc5 {1-0 (32) Can,E (2466)-Alavi Moghaddam,S (2422) Ankara 2011}) 16. Rfc1 Nf6 17. f3 Qd7 18. Rxc7 Qxc7 19. a5 Rc8 20. axb6 axb6 21. Nc4 Nd7 22. e5 {Threatens to win with Nd6.} Bd5 23. Nd6 $36 {[%mdl 2048] White is really pushing.} Rf8 (23... Rd8 $16 {was necessary.} 24. Rc1 Qa7) 24. Rc1 $1 $18 {[%cal Rc1c7]} Qa7 25. Bb5 Nb8 26. Qc3 f6 (26... Qe7 $142 27. Be8 Na6) 27. exf6 gxf6 28. Qc7 Qa3 $2 (28... Qxc7 29. Rxc7 h6) 29. Rc3 $2 ({White should play} 29. Rf1 $18) 29... Qa1+ (29... Qb4 $1 $11) 30. Kf2 $1 $14 {Black must now prevent Bd3.} Qb2+ {[#]} 31. Kg3 $1 Qd2 {[#]} 32. Rd3 (32. h3 $1 $16) 32... Qg5+ $11 {The position is equal.} 33. Kf2 Qh4+ 34. Kf1 {Hoping for Ne8.} Qxh2 35. Qe7 Qh1+ 36. Kf2 Qh4+ 37. Kf1 {With the idea Be8.} Qh1+ 38. Kf2 {aiming for Be8.} Qh4+ 39. Kf1 {Threatening Be8.} Qh1+ 40. Kf2 {And now Be8 would win.} Qh4+ 41. Kf1 {Black should prevent Be8.} Qh1+ {Precision: White = 72%, Black = 53%.} 1/2-1/2

[Event "CHN-ch Rapid Women 2017"]
[Site "Shenzhen"]
[Date "2017.12.07"]
[Round "3"]
[White "Zhang, Xiaowen"]
[Black "Xu, Huahua"]
[Result "1-0"]
[WhiteElo "2332"]
[BlackElo "2222"]
[Annotator "TA"]
[PlyCount "105"]
[EventDate "2017.??.??"]
[EventType "rapid"]
[EventCountry "CHN"]
[SourceTitle "playchess.com"]
[Source "ChessBase"]
[SourceQuality "1"]

{[%evp 35,105,33,63,27,31,14,18,8,6,14,22,21,43,12,18,17,13,18,19,0,3,0,0,0,0,0,16,16,13,16,16,16,14,20,18,10,6,10,174,131,401,392,511,220,300,31,860,639,1049,1045,1039,402,548,0,641,0,613,1031,975,925,784,387,361,347,12837,12835,12835,12835,12836,12836,12841,12842]} 1. e4 c6 2. d4 d5 3. Nd2 dxe4 4. Nxe4 Bf5 5. Ng3 Bg6 6. h4 {[%cal Bh2h4,Bh4h5][%mdl 32]} h6 7. Nf3 Nd7 8. h5 Bh7 9. Bd3 Bxd3 10. Qxd3 e6 11. Bd2 Ngf6 12. O-O-O Qc7 13. Ne4 Nxe4 14. Qxe4 Nf6 15. Qe2 O-O-O 16. g3 Kb8 {B19: Classical Caro-Kann: 4...Bf5 main line} 17. c4 Ka8 18. Bc3 Bd6 {[#] LiveBook: 3 Games. White is slightly better.} 19. Nd2 $146 ({Predecessor:} 19. Kb1 b5 20. cxb5 Rb8 21. bxc6 Qxc6 22. Rc1 Qd5 23. Nd2 {½-½ (24) Sax,G (2605)-Karpov,A (2730) Haninge 1990}) 19... c5 20. dxc5 Bxc5 21. Nb3 Bb6 22. Kb1 Rc8 23. Rh4 Rhd8 {aiming for ...Rxd1+.} 24. Rc1 {Strongly threatening c5!} Qd7 {[#]} 25. c5 $1 {[%mdl 512]} Bc7 (25... Bxc5 26. Bxf6) 26. c6 bxc6 27. Nc5 Qe7 28. Bxf6 (28. Rc4 {is interesting.} Bb6 29. Nd3 Qb7 30. b3 Nxh5 31. Ne5) 28... gxf6 29. Rhc4 Bb6 30. Na4 Qb7 31. Nxb6+ $40 {[%mdl 128] White is up to no good.} Qxb6 32. Qf3 Rd2 {[%csl Gd2][%cal Rb6b2] [#]} 33. R1c2 Rxc2 34. Rxc2 $11 {[%mdl 4096] Endgame KQR-KQR} f5 35. Qf4 Rd8 36. Qxh6 {Threatening Qc1.} Rd1+ $2 (36... Qb4 $1 $11 37. Qe3 Rh8) 37. Rc1 $18 Rxc1+ $4 {[%mdl 8192]} (37... Qd8 $16 38. Qe3 Qd5) 38. Qxc1 Qxf2 39. Qxc6+ $16 {KQ-KQ} Kb8 40. Qe8+ $2 (40. h6 $18) 40... Kb7 $2 {[%mdl 8192]} (40... Kc7 $14) 41. Qxf7+ $18 Kb8 42. Qf8+ Kb7 43. Qb4+ (43. Qe7+ $142 Kb8 44. Qd6+ (44. Qxe6 Qg1+ 45. Kc2 Qh2+ 46. Kc1 Qxh5 $16) 44... Ka8 45. Qxe6 Qg1+ 46. Kc2 Qg2+ 47. Kd3 Qxg3+ 48. Kc4 Qf4+ 49. Kb5 Qb8+ 50. Kc5 Qf8+ 51. Kc6) 43... Ka8 44. Qf8+ Kb7 45. Qf7+ Kb8 46. Qe8+ Kb7 47. Qd7+ Kb8 48. Qb5+ (48. Qd6+ $142 Ka8 49. Qxe6 Qg1+ 50. Kc2 Qf2+ 51. Kb3 Qxg3+ 52. Ka4 Qf4+ 53. Kb5 Qb8+ 54. Kc5 Qf8+ 55. Qd6) 48... Kc7 49. Qc4+ Kb7 $2 (49... Kd7 50. h6 Qg1+ 51. Qc1 Qh2) 50. Qb3+ {White is clearly winning.} Ka8 51. a3 Qe1+ 52. Ka2 Qe5 53. Qf3+ {Precision: White = 61%, Black = 30%.} 1-0

[Event "CHN-ch Rapid Women 2017"]
[Site "Shenzhen"]
[Date "2017.12.07"]
[Round "3"]
[White "Ren, Xiaoyi"]
[Black "Hong, Xing"]
[Result "1-0"]
[WhiteElo "2254"]
[BlackElo "2017"]
[Annotator "TA"]
[PlyCount "91"]
[EventDate "2017.??.??"]
[EventType "rapid"]
[EventCountry "CHN"]
[SourceTitle "playchess.com"]
[Source "ChessBase"]
[SourceQuality "1"]

{[%evp 9,91,29,27,-2,38,29,42,22,32,11,50,45,41,21,22,20,25,29,35,30,104,104,102,93,112,111,115,80,176,169,207,212,199,192,221,178,185,137,137,110,161,174,189,151,205,191,155,141,131,136,136,112,112,18,27,25,31,36,107,106,247,197,320,326,321,316,299,292,926,381,364,359,12833,12826,6133,946,2597,991,2330,990,912,685,29988,555]} 1. d4 Nf6 2. c4 e5 3. dxe5 Ng4 4. e6 fxe6 (4... dxe6 5. Qxd8+ Kxd8 6. h3 Ne5 7. b3 Bb4+ 8. Bd2 Bxd2+ 9. Nxd2 Nbc6 10. O-O-O Ke7 11. f4 Nd7 12. Ne4 b6 13. g3 Bb7 {½-½ (23) Mascaro March,P (2354)-Moskalenko,V (2568) Can Picafort 2008}) 5. e4 Ne5 6. Nf3 $146 {A52: Budapest Gambit} (6. f4 {feels hotter.} Nf7 7. Nc3 Bc5 8. Nf3 d6 9. Na4) ({Predecessor:} 6. f4 Nf7 7. Be3 Bb4+ 8. Nd2 d5 9. Qa4+ Nc6 10. O-O-O O-O 11. Ngf3 Qe7 12. e5 {½-½ (34) Mascaro March,P (2360)-Huerga Leache,M (2315) Mondariz 2006}) 6... Nbc6 7. Nxe5 Nxe5 8. Qh5+ {White is slightly better.} Nf7 9. Bd3 Qf6 10. O-O g6 11. Qe2 (11. Qh3 {is interesting.} Bg7 12. Nc3 Qe7 13. Be3 b6 14. Rad1) 11... Bg7 12. Nc3 O-O 13. f4 d6 14. Be3 Re8 (14... b6 $11 {remains equal.}) 15. c5 $16 Bd7 16. Rad1 Qe7 17. Nb5 Bc6 18. cxd6 cxd6 (18... Nxd6 $16 {is a better defense.} 19. e5 Nf5) 19. Nxa7 $18 d5 20. e5 Nh6 21. Rc1 Qd7 22. Nxc6 bxc6 23. a3 Reb8 24. Bc5 Qb7 (24... Bf8 $16) 25. Bd6 Qb6+ 26. Qf2 Ng4 (26... Rb7 $16 27. Qxb6 Rxb6) 27. Qxb6 Rxb6 28. h3 Nh6 29. Rf2 Nf7 30. Bc5 Rb3 31. Bf1 (31. Bc2 $16 Rxb2 32. Bxg6 $1 {[%mdl 512]}) 31... g5 $11 32. f5 $36 {[%mdl 2048] White has good play.} exf5 33. e6 {[%cal Be5e6,Be6e7][%mdl 32]} Nh6 (33... Nd8 $1 $14 34. Re2 Nb7) 34. e7 Rxb2 (34... Bxb2 $16 35. Re1 Re8) 35. Re1 Kf7 (35... Rbb8 $142 36. Re6 f4) 36. Rxb2 $18 Bxb2 {[#]} 37. Ba6 $1 {[%mdl 512]} Bc3 (37... Rxa6 38. e8=Q+) 38. Re2 d4 $2 {[#]} (38... Ng8 39. Bb7 Re8) 39. Bc4+ (39. e8=Q+ $142 $1 {[%mdl 512]} Rxe8 40. Bc4+ Kg6 41. Rxe8) 39... Ke8 40. Re6 $1 {[%csl LRc6,LRh6] Rf6 is the strong threat.} Nf7 $2 (40... d3 41. Bxd3 Ng8 42. Bxf5 Nf6) 41. Rf6 d3 42. Rxf7 (42. Bxf7+ $142 Kd7 43. Be6+ Kc7 44. Rf8) 42... d2 43. Rf8+ Kd7 44. Bb3 (44. Be2 $142 Re8 45. Rxe8 Bd4+ 46. Bxd4) 44... Re8 45. Kf1 f4 46. Ke2 {Precision: White = 57%, Black = 32%.} (46. Rxe8 $142 Kxe8 47. Bd1 g4 48. Bxg4 d1=B 49. Bxd1 Kf7 50. Bh5+ Ke6 51. e8=Q+ Kd5 52. Bb6) 1-0